An Analysis of applicability of traditional dispute resolution mechanism in Kenyan criminal justice system (Record no. 3809)

000 -LEADER
fixed length control field 00434nam a22001457a 4500
003 - CONTROL NUMBER IDENTIFIER
control field OSt
005 - DATE AND TIME OF LATEST TRANSACTION
control field 20170331093610.0
008 - FIXED-LENGTH DATA ELEMENTS--GENERAL INFORMATION
fixed length control field 170331b xxu||||| |||| 00| 0 eng d
050 ## - LIBRARY OF CONGRESS CALL NUMBER
Classification number KD7644.N38 2016
100 ## - MAIN ENTRY--PERSONAL NAME
Personal name Ndumbi, Natasha
245 ## - TITLE STATEMENT
Title An Analysis of applicability of traditional dispute resolution mechanism in Kenyan criminal justice system
Statement of responsibility, etc Natasha Ndumbi
260 ## - PUBLICATION, DISTRIBUTION, ETC. (IMPRINT)
Place of publication, distribution, etc Nairobi
Date of publication, distribution, etc 2016
300 ## - PHYSICAL DESCRIPTION
Extent 50 p
942 ## - ADDED ENTRY ELEMENTS (KOHA)
Source of classification or shelving scheme
Koha item type Research Project
Holdings
Withdrawn status Lost status Source of classification or shelving scheme Damaged status Not for loan Home library Current library Shelving location Date acquired Total Checkouts Full call number Barcode Date last seen Price effective from Koha item type
          Riara University Library Riara University Library Special Collection 31/03/2017   RUSC KD7644.N38 2016 8926/17 12/04/2017 31/03/2017 Research Project

Riara University Library,
P.O. Box 49940-00100,
Nairobi, Kenya.